April 12th: Birthdays - Statistics

General Stats
  • This quiz has been taken 10 times
    6 since last reset
  • The average score is 1 of 11
Answer Stats
Year Clue Answer % Correct
1947 Comedian on Late Night Dave Letterman
40%
1979 Actress in Romeo and Juliet Claire Danes
20%
2000 Gun Control Activist/Survived Parkland David Hogg
20%
1960 Sportscaster for CBC Ron MacLean
20%
1994 Actress in Ladybird Saorise Ronan
20%
1971 Actress in Little House Shannen Doherty
20%
1831 Engineered the Transcontinential Railroad/War General Grenville Dodge
0%
1777 Known as the Great Compromiser Henry Clay
0%
1940 Artist of I Thought it was You Herbie Hancock
0%
1942 President of South Africa Jacob Zuma
0%
1957 Artist of When I Call Your Name Vince Gill
0%
No matching quizzes found
Score Distribution
Percent of People with Each Score
Percentile by Number Answered
Your Score History
You have not taken this quiz since the last reset